000 00866nam a22001337a 4500
040 _cRUA
082 _aVEM KOR 2014 B441 Or.1
100 _aKORN SREYPORU ; ខន ស្រីព័រ
245 _aEffect of three antibiotics on diarrhea in suckling piglets at top chantha farm in porsenchey district, phnom penh , ប្រសិទ្ធភាពអង់ទីប៊ីយ៉ូទិចបីមុខលើជំងឺរាកកូនជ្រូកអំឡុងពេលបំបៅដោះ នៅកសិដ្ឋានចិញ្ចឹមជ្រូក តុ ចន្ថា ខណ្ឌពោធិ៍សែនជ័យ រាជធានីភ្នំពេញ
260 _aPhnom Penh
_bRUA
_c2014
300 _ax ;37p.
_bill.
_c29cm.
856 _uhttps://drive.google.com/file/d/1vD5Pis7hqmcccb_zFvIeSzyJtt2_pS1G/view?usp=sharing
942 _cVEM
999 _c7209
_d7209